000 00341nam a2200133Ia 4500
005 20251222143124.0
008 251222s9999||||xx |||||||||||||| ||spa||
020 _a978-9972-664-37-3
082 _a658.401.2/M26
100 _aMaraví Sumar, Milagros
245 0 _aEliminación de Barreras Burocráticas
264 _bINDECOPI
942 _cLIB
999 _c11641
_d11641